000 00448nam a22001697a 4500
003 SGT
020 _a97803238793742
082 _a611
_bN23N
100 _aNETTER, FRANK H.
245 _aNETTER ATLAS OF HUMAN ANATOMY CLASIC REGIONAL APPROACH
250 _a8TH
260 _aPHILADELPHIA
_bELSEVIER PUB
_c2023
300 _a556
650 _aHUMAN ANATOMY
653 _aNETTER ATLAS OF HUMAN ANATOMY CLASIC REGIONAL APPROACH
942 _2ddc
_cBK
999 _c30700
_d30700